LEADER 01188nam--2200397---450- 001 990001227790203316 005 20051114134811.0 010 $a88-88340-22-X 035 $a000122779 035 $aUSA01000122779 035 $a(ALEPH)000122779USA01 035 $a000122779 100 $a20031029d2002----km-y0enga50------ba 101 0 $aita 102 $aIT 105 $a||||||||001yy 200 1 $aModelli computazionali della mente$fOscar Bettelli 210 $aLanciano$cCarabba$d2002 215 $a173 p.$d21 cm 225 2 $aCultura dell'anima$hNuova serie$v10 410 0$12001$aCultura dell'anima$hNuova serie$v10 606 0 $aIntelligenza artificiale 606 0 $aMente 676 $a153 700 1$aBETTELLI,$bOscar$0556505 801 0$aIT$bsalbc$gISBD 912 $a990001227790203316 951 $aII.3. 2673(VI ps B 1125)$b168619 L.M.$cVI ps B$d00087315 959 $aBK 969 $aUMA 979 $aMARIA$b10$c20031029$lUSA01$h1617 979 $aPATRY$b90$c20040406$lUSA01$h1728 979 $aSIAVER$b90$c20040621$lUSA01$h1137 979 $aCOPAT5$b90$c20051114$lUSA01$h1348 996 $aModelli computazionali della mente$9984710 997 $aUNISA